00470nam a2200133Ia 4500008004100000024004800041082001900089100006800108245005000176260002600226600003400252650003300286999001700319260210s9999 xx 000 0 und d a07B-027-TE, 07B-047-TE & 07B-014-TE a621.382072 KHA aBabar Yar Khan, Mohammad Dayib Yasin & Qurrat Ul Ann Sheikh 0aScheduling Algorithms to Improve Qos in Wimax aKarachi:bUITU,c2007 aTelecommunication Engineering aBachelor of Engineering (BE) c33570d33570